Bibliography of new religious movements in primal societies / (Record no. 39741)
[ view plain ]
| 000 -LEADER | |
|---|---|
| fixed length control field | 00933cam a2200301 a 4500 |
| 001 - CONTROL NUMBER | |
| control field | 4490559 |
| 005 - DATE AND TIME OF LATEST TRANSACTION | |
| control field | 20180903081436.0 |
| 008 - FIXED-LENGTH DATA ELEMENTS--GENERAL INFORMATION | |
| fixed length control field | 770322m19779999mau b 001 0 eng d |
| 010 ## - LIBRARY OF CONGRESS CONTROL NUMBER | |
| LC control number | 77004732 |
| 020 ## - INTERNATIONAL STANDARD BOOK NUMBER | |
| International Standard Book Number | 0816179271 (v.1) |
| 020 ## - INTERNATIONAL STANDARD BOOK NUMBER | |
| International Standard Book Number | 081617928X (v.2) |
| 020 ## - INTERNATIONAL STANDARD BOOK NUMBER | |
| International Standard Book Number | 0816189846 (v.3) |
| 020 ## - INTERNATIONAL STANDARD BOOK NUMBER | |
| International Standard Book Number | 0816179301 (v.4) |
| 020 ## - INTERNATIONAL STANDARD BOOK NUMBER | |
| International Standard Book Number | 0816179298 (v.5) |
| 090 ## - LOCALLY ASSIGNED LC-TYPE CALL NUMBER (OCLC); LOCAL CALL NUMBER (OCLC) | |
| Local cutter number (OCLC) ; Book number/undivided call number, CALL (RLIN) | |
| 100 1# - MAIN ENTRY--PERSONAL NAME | |
| Personal name | Turner, Harold W. |
| 245 10 - TITLE STATEMENT | |
| Title | Bibliography of new religious movements in primal societies / |
| Statement of responsibility, etc | Harold W. Turner. |
| 260 ## - PUBLICATION, DISTRIBUTION, ETC. (IMPRINT) | |
| Place of publication, distribution, etc | Boston : |
| Name of publisher, distributor, etc | G. K. Hall, |
| Date of publication, distribution, etc | c1978. |
| 300 ## - PHYSICAL DESCRIPTION | |
| Extent | 5 volumes ; |
| Dimensions | 25 cm. |
| 336 ## - CONTENT TYPE | |
| Content Type Term | text |
| 337 ## - MEDIA TYPE | |
| Media Type Term | unmediated |
| 338 ## - CARRIER TYPE | |
| Carrier Type Term | volume |
| 500 ## - GENERAL NOTE | |
| General note | Includes indexes. |
| 505 1# - FORMATTED CONTENTS NOTE | |
| Formatted contents note | v. 1. Black Africa -- v. 2. North America -- v. 3. Oceania -- v. 4. Europe and Asia -- v. 5. Latin America. |
| 650 #0 - SUBJECT ADDED ENTRY--TOPICAL TERM | |
| Topical term or geographic name as entry element | Religion |
| Form subdivision | Bibliography. |
| 830 #0 - SERIES ADDED ENTRY--UNIFORM TITLE | |
| Uniform title | Bibliographies and guides in African studies. |
| 942 ## - ADDED ENTRY ELEMENTS (KOHA) | |
| Source of classification or shelving scheme | Library of Congress Classification |
| Item type | Books |
| Withdrawn status | Lost status | Source of classification or shelving scheme | Damaged status | Not for loan | Home library | Current library | Shelving location | Date acquired | Source of acquisition | Serial Enumeration / chronology | Inventory number | Total Checkouts | Full call number | Barcode | Date last seen | Price effective from | Koha item type | Copy number |
|---|---|---|---|---|---|---|---|---|---|---|---|---|---|---|---|---|---|---|
| Library of Congress Classification | BSOP Library | BSOP Library | Reference | 02/17/2016 | v. III | 37627 | Z7833 T85 v. III | 00047627 | 02/17/2016 | 02/17/2016 | Books | |||||||
| Library of Congress Classification | BSOP Library | BSOP Library | Reference | 02/17/2016 | v. IV | 37628 | Z7833 T85 v. IV | 00047628 | 02/17/2016 | 02/17/2016 | Books | |||||||
| Library of Congress Classification | BSOP Library | BSOP Library | Reference | 02/17/2016 | v. V | 37629 | Z7833 T85 v. V | 00047629 | 02/17/2016 | 02/17/2016 | Books | |||||||
| Library of Congress Classification | BSOP Library | BSOP Library | Reference | 09/03/2018 | Donation by Drs. George and Anne Harper | II | 42528 | Z7833 T85 1978 v.II | 00053528 | 09/03/2018 | 09/03/2018 | Books | ||||||
| Library of Congress Classification | BSOP Library | BSOP Library | Reference | 09/06/2018 | Donation by Drs. George and Anne Harper | v. III | 42578 | Z7833 T85 v. III c.2 | 00053578 | 09/06/2018 | 09/06/2018 | Books | c.2 | |||||
| Library of Congress Classification | BSOP Library | BSOP Library | Reference | 09/06/2018 | Donation by Drs. George and Anne Harper | v.I | 42595 | Z7833 T85 1978 v. I | 00053595 | 09/06/2018 | 09/06/2018 | Books |
